Представление документа в формате RUSMARC

ПолеНазваниеЗначение
  Тип записи a
  Библиографический уровень a
001 Контрольный номер RU/CBS_UL/BASE/598453590
005 Дата корректировки 20240209175235.0
100 Данные общей обработки __
a Данные общей обработки 20181218d2018 ||| 0rusy0189 ca
101 Язык документа 0_
a Язык текста rus
102 Страна публикации __
a Страна публикации RU
105 Кодированные данные (монография) __
a Кодированные данные (монография) y###||||000|y
200 Заглавие и сведения об ответственности 1_
a Заглавие "Проснувшийся" ген защищает слонов от рака
b Общее обозначение материала Текст
e Сведения, относящиеся к заглавию [о научных исследованиях сотрудников Чикагского университета, которые выявили, что низкая заболеваемость слонов онкологическими болезнями имеет генетическую причину]
f Первые сведения об ответственности К. Стасевич
300 Общие примечания __
a Общие примечания Ограничения по возрасту - 12+
461 Уровень набора _0
1 2000
a Наука и жизнь
463 Уровень физической единицы _0
1 001RU/CBS_UL/BASE/592408143
1 2000
a № 9
v С. 42-43 : фот., ил.
1 210
d 2018
606 Тематические рубрики 0_
a Основная рубрика Слоны - Генетика
610 Ключевые слова 0_
a Ключевые слова млекопитающие
a Ключевые слова слоны
a Ключевые слова генетика
a Ключевые слова генетика животных
a Ключевые слова гены
a Ключевые слова генетика слонов
a Ключевые слова онкологические заболевания
a Ключевые слова Пето парадокс
a Ключевые слова парадокс Пето
a Ключевые слова противораковые гены
a Ключевые слова университеты
686 Индексы других классификаций __
a Классификационный индекс 28.693.36
2 Код системы ББК
686 Индексы других классификаций __
a Классификационный индекс 28.64
2 Код системы ББК
700 Автор _1
a Фамилия Стасевич
b Имя (инициалы) К.
801 Источник записи _0
a Страна RU
b Организация МБУК ЦБС г. Ульяновска
c Дата составления 20181218
g Правила каталогизации RCR
801 Источник записи _1
a Страна RU
b Организация МБУК ЦБС г. Ульяновска
c Дата составления 20181218
g Правила каталогизации RCR
901 Тип документа __
t Тип документа b
w Контрольный № источника RU/CBS_UL/BASE/592408143
910 Корректоры записи __
a Корректор записи Библиотека 1
938 Служебная информация __
a Имя БД period